Language Quiz

Random Language or Rap Quiz

Eminem's Vocabulary Quiz Stats

Quiz Updated Aug 20, 2017

Also try: 5 by 5 Musicians
Challenge
Share
Tweet
Embed
Score 0/20 Timer 05:00
12 Plays Today
% Correct
Spaghetti
93.7%
Eyelids
92.8%
Resurrection
91.2%
Autograph
91.2%
Discriminated
90.9%
Catastrophe
90%
Reminiscing
89.9%
Persona
89.8%
Cantaloupes
89.6%
Unfurl
89.4%
% Correct
Pigment
88.8%
Interventionist
87.6%
Restraint
87.5%
Brainwashed
87.2%
Fables
87.1%
Metaphor
86.9%
Omnipotent
86%
Mayhem
85.4%
Karma
82.3%
Subliminal
81.8%

You're not logged in!

Compare scores with friends on all Sporcle quizzes.
Sign Up with Email
OR
Log In

You Might Also Like...

Show Comments

Extras

Top Quizzes Today


Score Distribution

Your Account Isn't Verified!

In order to create a playlist on Sporcle, you need to verify the email address you used during registration. Go to your Sporcle Settings to finish the process.